Report on socio-economic survey of Garo hills district, 1970 (Record no. 488324)

000 -LEADER
fixed length control field 00394cam a22001097a 4500
008 - FIXED-LENGTH DATA ELEMENTS--GENERAL INFORMATION
fixed length control field 180718b1974 xxu||||| |||| 00| 0 eng d
082 ## - DEWEY DECIMAL CLASSIFICATION NUMBER
Classification number T19x54113 M472R
245 ## - TITLE STATEMENT
Title Report on socio-economic survey of Garo hills district, 1970
Statement of responsibility, etc. by Directorate of Economics and Statistics
260 ## - PUBLICATION, DISTRIBUTION, ETC.
Place of publication, distribution, etc. Shillong
Name of publisher, distributor, etc. The author
Date of publication, distribution, etc. 1974
300 ## - PHYSICAL DESCRIPTION
Extent 105p.
700 ## - ADDED ENTRY--PERSONAL NAME
Personal name Meghalaya. Directorate of Economics and Statistics
Holdings
Withdrawn status Lost status Damaged status Not for loan Permanent Location Current Location Date acquired Full call number Barcode Date last seen Price effective from Koha item type
        Indian Institute of Public Administration Indian Institute of Public Administration 2018-08-04 T19x54113 M472R GG15554 2018-08-04 2018-08-04 GG

Powered by Koha